History Quiz

Random History or Politics Quiz
Score 0/15 Timer 06:00
1 Play Today
Question Answer Wrong Answers
How long is the presidential term? ???
99.6%
???
0.1%
???
0.1%
???
0.3%
What is the minimum age to vote? ???
96.4%
???
2.3%
???
0.3%
???
0.5%
What is the minimum age to be eligible for the Office of President? ???
86.2%
???
3.1%
???
6.3%
???
2.1%
If you vote for an incumbent president, you are voting for the... ???
85.8%
???
1.3%
???
2.1%
???
2%
Which state has the most Electoral College votes available? ???
81.2%
???
2.3%
???
2.2%
???
2.3%
What is the minimum number of Electoral College votes needed to win the presidency outright? ???
79.5%
???
1.1%
???
1.7%
???
2.2%
Who was the only president to be unanimously elected? ???
78.2%
???
1.4%
???
1.6%
???
1.1%
On what date is the newly elected president inaugurated? ???
63.8%
???
4.1%
???
0.3%
???
1.4%
During which election did 'hanging chads' affect the vote count in Florida? ???
59.2%
???
1.4%
???
4.9%
???
1.9%
On what date in November is the election held? ???
52.7%
???
10.5%
???
1.2%
???
16.5%
What is the most states ever won by a presidential candidate? ???
43.6%
???
7.1%
???
5.2%
???
9.2%
What decides the winner if no presidential candidate receives the required number of Electoral College votes? ???
32.2%
???
7.3%
???
4.9%
???
3.6%
Which of the following words does NOT appear in the Presidential Oath of Office? ???
27.5%
???
3%
???
4.1%
???
6.4%
During which presidential election did a two-candidate Electoral College tie result? ???
22.5%
???
7.7%
???
4.1%
???
23.1%
Who was the only candidate to receive posthumous electoral votes, (subsequently disallowed by Congress)? ???
16.2%
???
20.2%
???
4.1%
???
5.1%

You're not logged in!

Compare scores with friends on all Sporcle quizzes.
OR
Log In

Sporcle TV

Today on Sporcle TV


Watch our educational content, quiz creation guides, and fun videos on Sporcle TV.

Show Comments

Extras

Top Quizzes Today


Score Distribution

Your Account Isn't Verified!

In order to create a playlist on Sporcle, you need to verify the email address you used during registration. Go to your Sporcle Settings to finish the process.

Report this User

Report this user for behavior that violates our Community Guidelines.

Details: